El crecimiento de las plantas /
Guardado en:
| Autor Principal: | |
|---|---|
| Formato: | Libro |
| Publicado: |
Buenos Aires :
Eudeba,
1976
|
| Series: | Manuales
|
| Materias: | |
| Etiquetas: |
Agregar Etiqueta
Sin Etiquetas, Sea el primero en etiquetar este registro!
|
| LEADER | 00684nam a22001935a 4500 | ||
|---|---|---|---|
| 001 | CEM.cems009076 | ||
| 008 | 130507s1976##################000#0#####d | ||
| 005 | 20240410101212.0 | ||
| 245 | 1 | 0 | |a El crecimiento de las plantas / |c G. E. Fogg |
| 260 | |a Buenos Aires : |b Eudeba, |c 1976 | ||
| 300 | |a 245 p. | ||
| 490 | 0 | |a Manuales | |
| 505 | 0 | |a El crecimiento vegetal y su complejidad -- Aumento de sustancia -- El crecimiento de las partes -- La organizacion del conjunto -- Las plantas y su ambiente | |
| 100 | 1 | |a Fogg, G. E. | |
| 082 | 0 | 4 | |a 581.1 |
| 653 | |a Botanica | ||
| 653 | |a Fisiología vegetal | ||
| 653 | |a Plantas-crecimiento | ||
| 859 | |a CEMS |b BIB. CEMS - Agricultura |h 581.1 |i F688 |p A5057.76 |t Ej.1 | ||
